| 000 | 00811nam a22002057a 4500 | ||
|---|---|---|---|
| 999 |
_c4240 _d4240 |
||
| 003 | AR-CdUCM | ||
| 008 | 190308b ||||| |||| 00| 0 spa d | ||
| 040 |
_aMUNICIPALIDAD PROVINCIAL DEL CUSCO _cBIBLIOTECA MUNICIPAL DEL CUSCO |
||
| 082 |
_22ed. _a869.914 / _bA83 |
||
| 100 |
_aAsturias, Miguel Ánge _913417 |
||
| 245 | _aMulata de tal / | ||
| 260 |
_aBuenos Aires : _bEditorial Losada, _c1967. |
||
| 300 |
_a300 paginas ; _c20 cm. |
||
| 505 | _aContenido :Trato hecho jamas desecho -- Las nueve vueltas del diablo -- Lucha entre dos alumbrados por demonios demonios contrarios -- La extraña ciencia de curar -- La escoba mágica ... | ||
| 650 |
_aNovelas guatemaltecas _94752 |
||
| 650 |
_aLiteratura del siglo xx _97647 |
||
| 650 |
_aLiteratura guatemalteca _95050 |
||
| 942 |
_2ddc _cLIBROS |
||
| 945 | _arum | ||